Sosyal demokrasi (Record no. 7666)

MARC details
000 -BAŞLIK
Sabit Uzunlukta Kontrol Alanı 00888na a2200301 4500
001 - KONTROL NUMARASI
Denetim Alanı 15765
003 - KONTROL NUMARASI IDENTIFIER
Denetim Alanı MIRAKIL
005 - SON İŞLEM TARİHİ VE ZAMANI
Denetim Alanı 20181213155146.0
008 - SABİT-BOY VERİ ELEMANLARI - GENEL BİLGİLER
Sabit Uzunlukta Kontrol Alanı 161001b tu 000 0
020 ## - ULUSLARARASI STANDART KİTAP NUMARASI
Uluslararası Standart Kitap Numarası 9755330569
035 ## - SİSTEM KONTROL NUMARASI
Sistem Kontrol Numarası 15765
040 ## - KATALOGLAMA KAYNAK
Orijinal Kataloglama Ajansı Milas
Kataloglama Dili tur
Metne Dönüştürmek Ajansı TR-AnCHP
041 ## - DİL KODU
Metin / Ses Parça Veya Ayrı Başlığın Dil Kodu tur
082 ## - DEWEY ONLU SINIFLANDIRMA NUMARASI
Sınıflandırma Numarası 324.256107
Ürün Numarası K23s 1993
090 ## - SINIFLAMA NUMARASI
Sınıflama Numarası 324.256107 K23s 1993
100 ## - ANA GİRİŞ - KİŞİSEL İSİM
Kişisel Ad Kahraman, Hasan Bülent
Bir Adıyla İlişkilendirilen Tarihler 1957 -
245 ## - BAŞLIK TABLOSU
Başlık Sosyal demokrasi
Başlığın Kalan Türkiye ve partileri
Sorumluluk Tablosu, Vb Hasan Bülent Kahraman
246 ## - UNVAN FORM VARYING
Başlık Doğru / Kısa Başlığı Türkiye ve partileri
260 ## - YAYIN, DAĞITIM, VB
Yayın, Dağıtım, Vb Yeri Ankara
Yayıncı, Dağıtıcı, Vs Adı İmge kitabevi
Yayın, Dağıtım, Vb Tarihi 1993
300 ## - FİZİKSEL TANIM
Kapsam 240 s.
490 ## - SERİSİ TABLOSU
Seri Beyanı İmge kitabevi yayınları
Hacim / Ardışık Tanımı 74
500 ## - GENEL NOT
Genel Not Kitap yazarından imzalıdır.
650 ## - KONU KATMA GİRİŞ - TOPİKAL DÖNEM
Topikal Süreli Veya Coğrafi Ad Giriş Elemanı Sosyal demokrat partiler
Coğrafi Alt Bölümü Türkiye
650 ## - KONU KATMA GİRİŞ - TOPİKAL DÖNEM
Topikal Süreli Veya Coğrafi Ad Giriş Elemanı Sosyal demokrasi
Coğrafi Alt Bölümü Türkiye
650 ## - KONU KATMA GİRİŞ - TOPİKAL DÖNEM
Topikal Süreli Veya Coğrafi Ad Giriş Elemanı Siyasal partiler
Coğrafi Alt Bölümü Türkiye
942 ## - EKLENDİ GİRİŞ ELEMANLARI (KOHA)
Sınıflandırma Veya Raf Düzeni Kaynak Dewey Decimal Classification
Koha Öğesi Türü Books
999 ## - SİSTEM KONTROL NUMARALARI (KOHA)
Koha Biblionumber 7666
Koha Biblioitemnumber 7666
657 ## - INDEX SÜRE - İŞLEVİ
-- Siyasal partiler
-- Türkiye
Holdings
Kalıcı Konum Mevcut Konum Edinme Tarihi Edinim Kaynak Toplam Check-Out'Lar Tam Çağrı Numarası Barkod Tarih Son Görülme İtibaren Geçerli Fiyatlar Koha Öğesi Türü Kopya Sayısı
CHP Kütüphanesi CHP Kütüphanesi 09/23/2016 Bağış   324.256107 K23s 1993 004195 09/23/2016 09/23/2016 Books  
CHP Kütüphanesi CHP Kütüphanesi 10/01/2016 Bağış   324.256107 K23s 1993 005601 10/01/2016 10/01/2016 Books k.2